Taiwan de Yi Chen (Record no. 1319187)

MARC details
000 -LEADER
fixed length control field 00661nam a2200229Ia 4500
005 - DATE AND TIME OF LATEST TRANSACTION
control field 20250507130343.0
008 - FIXED-LENGTH DATA ELEMENTS--GENERAL INFORMATION
fixed length control field 008 250505s9999 xx 000 0 chi d
020 ## - INTERNATIONAL STANDARD BOOK NUMBER
International Standard Book Number 9789867630131
037 ## - SOURCE OF ACQUISITION
Stock number Annuals, Advances
040 ## - CATALOGING SOURCE
Original cataloging agency EASL
Language of cataloging eng
Transcribing agency EASL
041 ## - LANGUAGE CODE
Language code of text/sound track or separate title chi
Source of code eng
084 ## - COLON CLASSIFICATION NUMBER
Classification number N4295, 41P3
Assigning agency EASL
100 ## - MAIN ENTRY--PERSONAL NAME
Personal name Shi Ya Tang Ed.
245 #0 - TITLE STATEMENT
Title Taiwan de Yi Chen
260 ## - PUBLICATION, DISTRIBUTION, ETC.
Place of publication, distribution, etc. China
Name of publisher, distributor, etc. Taipei Yuan Zu Wen Hua Shi Ye Gu fen You Xian Gongsi Taiwan
Date of publication, distribution, etc. 2003
300 ## - PHYSICAL DESCRIPTION
Extent 191p.
365 ## - TRADE PRICE
Price amount 400yuan
650 ## - SUBJECT ADDED ENTRY--TOPICAL TERM
Topical term or geographic name entry element CL
9 (RLIN) 642733
700 ## - ADDED ENTRY--PERSONAL NAME
Personal name Yang Hui Min Ed.
9 (RLIN) 665210
942 ## - ADDED ENTRY ELEMENTS (KOHA)
Koha item type Textual
Classification part N4295, 41P3

No items available.

Copyright @ Delhi University Library System